Precipitated silica in tires (Record no. 65451)

MARC details
000 -LEADER
fixed length control field 00293nam a2200121Ia 4500
100 ## - MAIN ENTRY--AUTHOR NAME
Personal name Chakraborty Sugata
245 #0 - TITLE STATEMENT
Title Precipitated silica in tires
260 ## - PUBLICATION, DISTRIBUTION, ETC. (IMPRINT)
Name of publisher Rubber World
Year of publication 2013
300 ## - PHYSICAL DESCRIPTION
Number of Pages 37-41
700 ## - ADDED ENTRY--PERSONAL NAME
Personal name Shah Darshak
942 ## - ADDED ENTRY ELEMENTS (KOHA)
Koha item type Journals
Holdings
Withdrawn status Lost status Damaged status Not for loan Home library Current library Date acquired Serial Enumeration / chronology Koha item type
      Journals RRII Library RRII Library 16/04/2014 Volume 248, Issue 6 Journals